000 00272nam a22001097a 4500
040 _cSCME
100 _aFrederick S.Simmons
_9122722
245 _aRocket Exaust Plume Phenomenology
260 _aCalifornia
_bThe Aerospace Press
_c2000
300 _a286p.
942 _2ddc
_cBK
999 _c609168
_d609168